| Поле | Инд. | ПП | Название | Значение |
|---|---|---|---|---|
| Тип записи | a | |||
| Библиографический уровень | b | |||
| 001 | Контрольный номер | RU/IS/BASE/126875964 | ||
| 005 | Дата корректировки | 20200601191455.0 | ||
| 084 | a | Индекс другой классификации/Индекс ББК | 66.1(4Фра)5 | |
| a | Индекс другой классификации/Индекс ББК | 60.027 | ||
| a | Индекс другой классификации/Индекс ББК | 60.001(4Фра)5 | ||
| 100 | 1_ | a | Автор | Самсонова Т. Н. |
| 245 | a | Заглавие | Обоснование равенства идеологами Просвещения XVIII в. | |
| 504 | a | Библиография | Библиогр. ссылки. - Примеч. | |
| 600 | a | Персоналии | Вольтер | |
| a | Персоналии | Гельвеций Клод Адриан | ||
| a | Персоналии | Гольбах Поль Анри | ||
| a | Персоналии | Дидро Дени | ||
| a | Персоналии | Кондорсе Жан Антуан Никола | ||
| a | Персоналии | Ламетри Жюльен Офре де | ||
| a | Персоналии | Монтескье Шарль Луи | ||
| a | Персоналии | Руссо Жан Жак | ||
| 650 | a | Основная рубрика | история политических учений | |
| a | Основная рубрика | история философии | ||
| a | Основная рубрика | политика | ||
| a | Основная рубрика | социальная философия | ||
| a | Основная рубрика | философия | ||
| 653 | a | Ключевые слова | XVIII век | |
| a | Ключевые слова | общественные отношения | ||
| a | Ключевые слова | политические взгляды | ||
| a | Ключевые слова | социальное неравенство | ||
| a | Ключевые слова | социальное равенство | ||
| a | Ключевые слова | социально-политические взгляды | ||
| a | Ключевые слова | Франция | ||
| a | Ключевые слова | история социальной философии | ||
| 773 | t | Заглавие источника | Вестник Московского университета. Серия 18, Социология и политология | |
| d | Дата издания источника | 2003 | ||
| g | Прочая информация | № 3. - С. 161 - 183 | ||
| w | Контрольный № источника | RU/IS/BASE/121270811 | ||
| 901 | t | Тип документа | b |